000 00710nam a2200241Ia 4500
003 GCL
008 140319s9999 xx 000 0 ara d
020 _a9346902977
040 _aGCL /
_cGCL
082 0 4 _a810.8
_bم ا
100 1 _aمصطفى محمود
245 1 0 _aالاسلام ما هو /
_cمصطفى محمود
250 _aالخامسة
260 _aالقاهرة :
_bدار المعارف ،
_c1991
300 _a180 ص ؛
_c20 سم
490 _a
650 0 4 _aالاسلام
650 0 4 _aالاسلام والشيوعية
650 0 4 _aالشريعة الاسلامية
650 0 4 _aالفقه الاسلامى
650 0 4 _aالاسلام والفطرة
942 _2ddc
_cBK
999 _c54142
_d54142